000
00238nam a2200097Ia 4500
001
1077106
005
20250827002309.0
008
250824s9999 xx 000 0 und d
245
0
_a
NUREDDİN ZENGİ
_c
ALİ EMRE
260
_b
KETEBE YAYINLARI
999
_c
1077106
_d
1077106